000 00297nam a2200109 4500
999 _c12428
_d12428
008 190125b ||||| |||| 00| 0 eng d
245 _aAchieve work-life balance in style.
260 _aPhilippines
_bManila Bulletin
_cc2018
300 _apage C-2.
650 0 _935064
_aLifestyle.
942 _2ddc
_cPER